Heritage : Vietnam airlines inflight magazine H240

Nội dung số này trình bày: đi để sống khác, tạo tác kỳ diệu của thiên nhiên, lấp lánh ánh sao đêm, tự do giữa thiên nhiên hoang dã, những khu rừng ẩn mình giữa Tokyo, Vietnam Airlines

Spremljeno u:
Bibliografski detalji
Format: Knjiga
Jezik:Vietnamese
Izdano: H. Vietnam airlines 2022
Teme:
Oznake: Dodaj oznaku
Bez oznaka, Budi prvi tko označuje ovaj zapis!
Thư viện lưu trữ: Thư viện Trường Đại học Nam Cần Thơ
LEADER 01074nam a22002177a 4500
001 NCT_148791
008 230414b xxu||||| |||| 00| 0 vie d
999 |c 7668  |d 7668 
041 0 |a vie 
082 0 4 |2 23rd ed.  |a 915.97  |b H546 
245 0 0 |a Heritage :  |b Vietnam airlines inflight magazine  |n H240  |c Vietnam airlines 
260 |a H.  |b Vietnam airlines  |c 2022 
300 |c 29 cm 
310 |a Tháng 1 kỳ 
362 |a 7/2022 
520 3 |a Nội dung số này trình bày: đi để sống khác, tạo tác kỳ diệu của thiên nhiên, lấp lánh ánh sao đêm, tự do giữa thiên nhiên hoang dã, những khu rừng ẩn mình giữa Tokyo, Vietnam Airlines 
655 |a Tạp chí 
942 |2 ddc  |c CR 
952 |0 0  |1 0  |2 ddc  |4 0  |6 915_970000000000000_H546  |7 0  |9 27522  |a 000001  |b 000001  |d 2023-04-14  |o 915.97 H546  |r 2023-04-14  |w 2023-04-14  |y CR 
952 |0 0  |1 0  |2 ddc  |4 0  |6 915_970000000000000_H546  |7 0  |9 27526  |a 000001  |b 000001  |d 2023-04-14  |o 915.97 H546  |r 2023-04-14  |w 2023-04-14  |y CR 
980 |a Thư viện Trường Đại học Nam Cần Thơ